The second Sophistic
Guardat en:
| Autor principal: | |
|---|---|
| Format: | Llibre |
| Idioma: | anglès |
| Publicat: |
Cambridge
Classical Association
2005
|
| Edició: | 1a. ed |
| Col·lecció: | Greece and Rome, New Surveys in the Classics, 35
|
| Matèries: | |
| Etiquetes: |
Afegir etiqueta
Sense etiquetes, Sigues el primer a etiquetar aquest registre!
|
MARC
| LEADER | 00000cam a2200000 a 4500 | ||
|---|---|---|---|
| 001 | UCG8297 | ||
| 003 | CL-VaPUC | ||
| 008 | 111202e20050000UK |||||||||||||||||eng|d | ||
| 020 | |a 9780198568810 | ||
| 082 | 0 | 4 | |a 938.08 |b WHI |2 21 |
| 100 | 0 | |a Whitmarsch, Tim |e author |9 559271 | |
| 245 | 1 | 4 | |a The second Sophistic |
| 250 | |a 1a. ed | ||
| 300 | |a 106 p | ||
| 942 | |c BK | ||
| 945 | |d 20111202 00:00:00 |a cmena | ||
| 260 | |a Cambridge |b Classical Association |c 2005 | ||
| 650 | 0 | |a Helenismo |9 267485 | |
| 650 | 7 | |a LITERATURA GRIEGA |2 CL-VaPUC |9 258054 | |
| 650 | 0 | |a Desarrollo cultural |9 267526 | |
| 650 | 7 | |a ESTILOS LINGUISTICOS |2 CL-VaPUC |9 528596 | |
| 651 | 0 | |a Grecia |9 265314 | |
| 583 | |a last modification |c 20111202 14:14:00 |k Rodrigo Vera | ||
| 490 | 0 | |a Greece and Rome, New Surveys in the Classics, 35 | |
| 999 | |c 345916 |d 345914 | ||
| 952 | |0 0 |1 0 |4 0 |6 938_080000000000000_WHI_2005 |7 0 |8 A |9 446303 |a BIBHIS |b BIBHIS |d 2019-11-22 |i 4803620 |o 938.08 WHI 2005 |p 4803620 |r 2025-01-20 |w 2019-11-22 |y BK |k HIS | ||